Jeux Olympiques - Classement des Nations en Équitation - Statistiques

Statistiques générales
  • Ce quiz a été pris 138 fois
  • Le résultat moyen est 53 sur 63
Statistiques - réponses
Hint Réponse % Correct
Paris 2024 Concours complet 🥈 France
100%
Paris 2024 Saut d'obstacles 🥉 France
100%
Tokyo 2021 Concours complet 🥉 France
100%
Rio de Janeiro 2016 Concours complet 🥇 France
100%
Rio de Janeiro 2016 Saut d'obstacles 🥇 France
100%
Athènes 2004 Concours complet 🥇 France
100%
Paris 2024 Dressage 🥇 Allemagne
96%
Tokyo 2021 Dressage 🥇 Allemagne
96%
Rio de Janeiro 2016 Concours complet 🥈 Allemagne
96%
Rio de Janeiro 2016 Dressage 🥇 Allemagne
96%
Rio de Janeiro 2016 Saut d'obstacles 🥉 Allemagne
96%
Londres 2012 Concours complet 🥇 Allemagne
96%
Londres 2012 Dressage 🥈 Allemagne
96%
Beijing 2008 Concours complet 🥇 Allemagne
96%
Beijing 2008 Dressage 🥇 Allemagne
96%
Athènes 2004 Dressage 🥇 Allemagne
96%
Athènes 2004 Saut d'obstacles 🥉 Allemagne
96%
Sydney 2000 Dressage 🥇 Allemagne
96%
Sydney 2000 Saut d'obstacles 🥇 Allemagne
96%
Paris 2024 Saut d'obstacles 🥈 États-Unis
92%
Tokyo 2021 Dressage 🥈 États-Unis
92%
Tokyo 2021 Saut d'obstacles 🥈 États-Unis
92%
Rio de Janeiro 2016 Dressage 🥉 États-Unis
92%
Rio de Janeiro 2016 Saut d'obstacles 🥈 États-Unis
92%
Beijing 2008 Saut d'obstacles 🥇 États-Unis
92%
Athènes 2004 Concours complet 🥉 États-Unis
92%
Athènes 2004 Dressage 🥉 États-Unis
92%
Athènes 2004 Saut d'obstacles 🥇 États-Unis
92%
Sydney 2000 Concours complet 🥉 États-Unis
92%
Sydney 2000 Dressage 🥉 États-Unis
92%
Paris 2024 Concours complet 🥇 Grande-Bretagne
92%
Paris 2024 Dressage 🥉 Grande-Bretagne
92%
Paris 2024 Saut d'obstacles 🥇 Grande-Bretagne
92%
Tokyo 2021 Concours complet 🥇 Grande-Bretagne
92%
Tokyo 2021 Dressage 🥉 Grande-Bretagne
92%
Rio de Janeiro 2016 Dressage 🥈 Grande-Bretagne
92%
Londres 2012 Concours complet 🥈 Grande-Bretagne
92%
Londres 2012 Dressage 🥇 Grande-Bretagne
92%
Londres 2012 Saut d'obstacles 🥇 Grande-Bretagne
92%
Beijing 2008 Concours complet 🥉 Grande-Bretagne
92%
Athènes 2004 Concours complet 🥈 Grande-Bretagne
92%
Sydney 2000 Concours complet 🥈 Grande-Bretagne
92%
Athènes 2004 Dressage 🥈 Espagne
78%
Beijing 2008 Saut d'obstacles 🥉 Suisse
76%
Sydney 2000 Saut d'obstacles 🥈 Suisse
76%
Tokyo 2021 Saut d'obstacles 🥉 Belgique
73%
Paris 2024 Concours complet 🥉 Japon
73%
Tokyo 2021 Saut d'obstacles 🥇 Suède
73%
Athènes 2004 Saut d'obstacles 🥈 Suède
73%
Beijing 2008 Saut d'obstacles 🥈 Canada
71%
Londres 2012 Dressage 🥉 Pays-Bas
70%
Londres 2012 Saut d'obstacles 🥈 Pays-Bas
70%
Beijing 2008 Dressage 🥈 Pays-Bas
70%
Sydney 2000 Dressage 🥈 Pays-Bas
70%
Tokyo 2021 Concours complet 🥈 Australie
66%
Rio de Janeiro 2016 Concours complet 🥉 Australie
66%
Beijing 2008 Concours complet 🥈 Australie
66%
Sydney 2000 Concours complet 🥇 Australie
66%
Sydney 2000 Saut d'obstacles 🥉 Brésil
57%
Paris 2024 Dressage 🥈 Danemark
50%
Beijing 2008 Dressage 🥉 Danemark
50%
Londres 2012 Concours complet 🥉 Nouvelle-Zélande
38%
Londres 2012 Saut d'obstacles 🥉 Arabie Saoudite
14%
Aucun quiz correspondant
Distribution des résultats
% des personnes avec chaque résultat
Percentile par nombre de réponses
Votre historique - résultats
Vous n’avez pas pris ce quiz